000 00777nam a22002177a 4500
999 _c3783
_d3783
003 AR-CdUCM
008 190307b ||||| |||| 00| 0 esp d
020 _aISBN
040 _aMUNICIPALIDAD PROVINCIAL DEL CUSCO
_cBIBLIOTECA MUNICIPAL DEL CUSCO
082 _a858.913 /
_bP61
100 _aPirandello, Luigi
_912215
245 _aCada cual a su juego :
_bLa vida que te di /
_cLuigi Pirandello
260 _aBuenos Aires :
_bLosada,
_c1944.
300 _a203 paginas ;
_c18 cm.
505 _aPirandello y su mensaje -- Il giuoco delle parti -- La vida che ti diedi -- La presente edición -- Expresión de nuestro tiempo.
650 _aTeatro italiano
_912216
650 _aSiglo XX
_98
700 _aMonner Sans, Jóse Maria
_912217
942 _2ddc
_cLIBROS
945 _aacrt